Get Job Ready: How To Land Your Dream Job Out Of College (Record no. 356880)

MARC details
000 -LEADER
fixed length control field 00374 a2200145 4500
005 - DATE AND TIME OF LATEST TRANSACTION
control field 20240913151522.0
008 - FIXED-LENGTH DATA ELEMENTS--GENERAL INFORMATION
fixed length control field 240209b |||||||| |||| 00| 0 eng d
020 ## - INTERNATIONAL STANDARD BOOK NUMBER
International Standard Book Number 9780143457411
041 ## - LANGUAGE CODE
Language code of text/sound track or separate title eng
100 ## - MAIN ENTRY--PERSONAL NAME
Author Vasu E.
245 ## - TITLE STATEMENT
Title Get Job Ready: How To Land Your Dream Job Out Of College
260 ## - PUBLICATION, DISTRIBUTION, ETC.
Name of publisher, distributor, etc. Penguin Portfolio
Date of publication, distribution, etc. 2022
300 ## - PHYSICAL DESCRIPTION
Extent 185
942 ## - ADDED ENTRY ELEMENTS (KOHA)
Koha item type Books
Holdings
Withdrawn status Lost status Source of classification or shelving scheme Damaged status Not for loan Home library Current library Date acquired Vendor Net Price Total Checkouts Full call number Barcode Date last seen Date last checked out Actual Price Bill Date Koha item type
    Dewey Decimal Classification     Cummins College of Engineering for Women Pune Cummins College of Engineering for Women Pune 30/01/2024 87 209.30 1 650.14 EDA CCEP-BK-66086 20/03/2024 06/03/2024 299.00 30/01/2024 Books